A restudy of the Staunton gas pool, (Record no. 26216)

MARC details
000 -LEADER
fixed length control field 00631cam a2200217u 4500
001 - CONTROL NUMBER
control field gs 23000075
003 - CONTROL NUMBER IDENTIFIER
control field DLC
005 - DATE AND TIME OF LATEST TRANSACTION
control field 20260227111327.0
008 - FIXED-LENGTH DATA ELEMENTS--GENERAL INFORMATION
fixed length control field 830401s1919 iluad 000 0 eng
010 ## - LIBRARY OF CONGRESS CONTROL NUMBER
LC control number gs 23000075
040 ## - CATALOGING SOURCE
Original cataloging agency DLC
Transcribing agency CarP
Modifying agency DLC
043 ## - GEOGRAPHIC AREA CODE
Geographic area code n-us-il
050 00 - LIBRARY OF CONGRESS CALL NUMBER
Classification number TN880
Item number .M87
100 1# - MAIN ENTRY--PERSONAL NAME
Personal name Mylius, Louis Aubrey,
Dates associated with a name 1890-
245 12 - TITLE STATEMENT
Title A restudy of the Staunton gas pool,
260 ## - PUBLICATION, DISTRIBUTION, ETC.
Place of publication, distribution, etc. Urbana, Ill.,
Date of publication, distribution, etc. 1919.
300 ## - PHYSICAL DESCRIPTION
Extent 23 p.
Other physical details incl. tables, diagrs. (1 fold.) fold. chart (in pocket)
Dimensions 26 cm.
650 #0 - SUBJECT ADDED ENTRY--TOPICAL TERM
Topical term or geographic name entry element Petroleum
General subdivision Geology
Geographic subdivision Illinois.
650 #0 - SUBJECT ADDED ENTRY--TOPICAL TERM
Topical term or geographic name entry element Natural gas
Geographic subdivision Illinois.
740 0# - ADDED ENTRY--UNCONTROLLED RELATED/ANALYTICAL TITLE
Uncontrolled related/analytical title Staunton gas pool.

No items available.

Powered by Koha